| 000 | 00621nam a22002177a 4500 | ||
|---|---|---|---|
| 003 | OSt | ||
| 005 | 20140311161017.0 | ||
| 008 | 130920t xxu||||| |||| 00| 0 eng d | ||
| 020 | _a9789814070744 | ||
| 050 |
_aPE 1128 _b.Al425g6 2005 |
||
| 082 |
_aGS 428 _b Al5 2009 |
||
| 100 |
_aAllen, Rosemary _921020 |
||
| 245 |
_aGrammar skills 6 / _cRosemary Allen. |
||
| 260 |
_aSingapore : _bLearners Publishing, _c2009. |
||
| 300 |
_a114 p. : _bill. ; _c26 cm. |
||
| 650 |
_a English language _xGrammar _zProblems, exercises, etc. _921026 |
||
| 942 |
_2lcc _cBK-GS |
||
| 999 |
_c11735 _d11735 |
||